Gender trouble : feminism and the subversion of identity / (Record no. 9206)
[ view plain ]
| 000 -LEADER | |
|---|---|
| fixed length control field | 01058nac a22002771u 4500 |
| 010 ## - LIBRARY OF CONGRESS CONTROL NUMBER | |
| LC control number | 013397243 |
| 020 ## - INTERNATIONAL STANDARD BOOK NUMBER | |
| International Standard Book Number | 9780415389556 (pbk.) |
| 022 ## - INTERNATIONAL STANDARD SERIAL NUMBER | |
| International Standard Serial Number | 0415389550 (pbk.) |
| 082 ## - DEWEY DECIMAL CLASSIFICATION NUMBER | |
| Classification number | 305.3 |
| Item number | BUT |
| 090 ## - LOCALLY ASSIGNED LC-TYPE CALL NUMBER (OCLC); LOCAL CALL NUMBER (OCLC) | |
| -- | 9206 |
| -- | 9206 |
| 100 ## - MAIN ENTRY--PERSONAL NAME | |
| Personal name | Butler, Judith, |
| 245 ## - TITLE STATEMENT | |
| Title | Gender trouble : feminism and the subversion of identity / |
| Statement of responsibility, etc | Judith Butler ; with an |
| 260 ## - PUBLICATION, DISTRIBUTION, ETC. (IMPRINT) | |
| Place of publication, distribution, etc | New York ; London : |
| Name of publisher, distributor, etc | Routledge, C.1990 (2006 printing) |
| Date of publication, distribution, etc | C.1990 (2006 printing) |
| 300 ## - PHYSICAL DESCRIPTION | |
| Extent | xxxvi, 236 p. ; |
| Dimensions | 20 cm. |
| 490 ## - Series Statement | |
| Series statement | ( Routledge classics) |
| 500 ## - GENERAL NOTE | |
| General note | introduction by the author. |
| 500 ## - GENERAL NOTE | |
| General note | Formerly CIP. Uk |
| 500 ## - GENERAL NOTE | |
| General note | Distributer: Academic Bookshop. |
| 504 ## - BIBLIOGRAPHY, ETC. NOTE | |
| Bibliography, etc | Includes bibliographical references and index. |
| 511 ## - PARTICIPANT OR PERFORMER NOTE | |
| Participant or performer note | Catalogued By: Mahitab. |
| 650 ## - SUBJECT ADDED ENTRY--TOPICAL TERM | |
| Topical term or geographic name as entry element | Feminist theory. |
| 650 ## - SUBJECT ADDED ENTRY--TOPICAL TERM | |
| Topical term or geographic name as entry element | Sex differences (Psychology) |
| 650 ## - SUBJECT ADDED ENTRY--TOPICAL TERM | |
| Topical term or geographic name as entry element | Identity (Psychology) |
| 942 ## - ADDED ENTRY ELEMENTS (KOHA) | |
| Item type | Book - Borrowing |
| Call number prefix | 305.3 BUT |
| Withdrawn status | Item status | Damaged status | Not for loan | Home library | Current library | Shelving location | Date acquired | Source of acquisition | Total Checkouts | Total Renewals | Full call number | Barcode | Checked out | Date last seen | Date last borrowed | Cost, replacement price | Koha item type |
|---|---|---|---|---|---|---|---|---|---|---|---|---|---|---|---|---|---|
| Central Library | Central Library | First floor | 20/04/2008 | Purchase | 3 | 2 | 305.3 BUT | 000011249 | 16/03/2011 | 07/10/2010 | 07/10/2010 | 100.00 | Book - Borrowing |